00721nam a2200241Ia 450000500170000000800410001702000100005804000190006804100120008708200170009910000200011624500730013626000390020930000150024850400180026365000150028165100270029670000180032385000110034194200070035299900170035995201030037620240418144657.0131103s9999 xx 000 0 und d cRs.10 aLoreto College aEnglish a370.15 bGAR aGarrison, K. C. aEducational PsychologycK. C. Garrison, A.J.Kigston and A.S.McDonald aBombaybV. Feffer and Simonsc1967 axiii,544p  aInclude index aPsychology aEducational Psychology aKigston, A.J. aLCBED  cBK c26820d77299 00102ddc4070aMAINbMAINd2013-11-04l0o370.15 GAR 774pB29660r2013-11-04w2013-11-04yBKf